Click to Translate - Portuguese - Statistics

General Stats
  • This quiz has been taken 10,151 times
  • The average score is 18 of 20
Answer Stats
Hint Answer % Correct
Love Amor
98%
Hour Hora
96%
Pink Rosa
96%
Day Dia
95%
Party Festa
95%
Lake Lago
95%
Saturday Sábado
95%
Meat Carne
94%
Snake Cobra
94%
Eleven Onze
93%
Kitchen Cozinha
92%
Newspaper Jornal
92%
Money Dinheiro
91%
Garden Jardim
91%
Game Jogo
88%
Girl Menina
84%
Foot
83%
Glass Vidro
76%
Farm Fazenda
74%
Knife Faca
64%
No matching quizzes found
Score Distribution
Percent of People with Each Score
Percentile by Number Answered
Your Score History
You have not taken this quiz